| 000 | 00608nam a2200193 u 4500 | ||
|---|---|---|---|
| 001 | 000020284 | ||
| 003 | DO-SdBNP | ||
| 005 | 20240305101036.0 | ||
| 008 | 100813s1926 fr 000 0 spa d | ||
| 020 | _a9580427488 | ||
| 040 |
_aDO-SdBNP _bspa _cBNPHU |
||
| 082 |
_axxxxxxxx _bxxxxxxxx |
||
| 100 | 1 |
_aMontesquieu, Charles de Secondat, _cbaron de, _d1689-1755 _942917 |
|
| 245 | 1 | 0 |
_aDel espíritu de las leyes / _cMontesquieu. |
| 260 |
_aParís, : _bGarnier Hermanos, _c1926. |
||
| 300 |
_av. ; _c18 cm. |
||
| 500 | _aIncluye referencias bibliográficas y notas al pie de las páginas | ||
| 942 |
_2ddc _cLBS1 |
||
| 999 |
_c19788 _d19788 |
||